| 000 | 00380nam a2200157Ia 4500 | ||
|---|---|---|---|
| 003 | GCL | ||
| 008 | 140319s9999 xx 000 0 ara d | ||
| 040 |
_aGCL / _cGCL |
||
| 082 | 0 | 4 |
_a953.121 _bع ل |
| 245 | 1 | 0 | _aليالى مكة |
| 490 | _a | ||
| 650 | 0 | 4 | _aمكة المكرمة |
| 650 | 0 | 4 | _aالتاريخ الاسلامى |
| 650 | 0 | 4 | _aمكة - تاريخ |
| 942 |
_2ddc _cBK |
||
| 999 |
_c43068 _d43068 |
||